000 00957nam a2200241 i 4500
001 173258
003 ES-MaACL
005 20250630063520.0
008 091120s1993 ck b |||| | spa d
080 _a016:860(861)-1"19"
245 0 0 _aBibliografía de la poesía colombiana, 1970-1992 /
_cFrancisco José Romero Rojas ... [et al.].
260 _aSantafé de Bogotá :
_bInstituto Caro y Cuervo,
_c1993.
300 _aXVI, 286 p. ;
_c23 cm.
490 1 _aPublicaciones del Instituto Caro y Cuervo.
_aSerie bibliográfica ;
_v14
500 _aÍndices
650 7 _aPoesía colombiana-
_vBibliografías.
_9162738
700 1 _aRomero Rojas, Francisco José.
_999434
710 2 _aInstituto Caro y Cuervo.
_94806
830 0 _aPublicaciones del Instituto Caro y Cuervo.
_aSerie bibliográfica ;
_v14
_9223501
852 _aES-MaACL
_cDEPO2
_hDonat. herederos José Prat
_jC-57064
942 _2udc
_cMONOGRAFIA
_n0
999 _c173258
_d173258